| Tag |
First Indicator |
Second Indicator |
Subfields |
| LEADER |
00000cam a22000001a 4500 |
| 001 |
in00003320708 |
| 006 |
m d f |
| 007 |
cr bn mmmapmmp |
| 008 |
100520s1962 dcu o f000 0 eng d |
| 005 |
20260430161155.8 |
| 035 |
|
|
|a cis2007838479
|
| 040 |
|
|
|a LexisNexis
|c LexisNexis
|d UtOrBLW
|
| 043 |
|
|
|a n-us---
|
| 086 |
0 |
|
|a Y 4.In 8/14:Ac 2/962
|
| 099 |
|
|
|a CMP-1962-IIA-0001
|
| 110 |
1 |
|
|a United States.
|b Congress.
|b House.
|b Committee on Interior and Insular Affairs.
|
| 245 |
1 |
0 |
|a Accomplishments of the Committee on Interior and Insular Affairs of the House of Representatives During the 87th Congress.
|
| 264 |
|
1 |
|a [Place of publication not identified] :
|b [publisher not identified],
|c 1962.
|
| 300 |
|
|
|a 1 online resource.
|
| 336 |
|
|
|a text
|b txt
|2 rdacontent
|
| 337 |
|
|
|a computer
|b c
|2 rdamedia
|
| 338 |
|
|
|a online resource
|b cr
|2 rdacarrier
|
| 500 |
|
|
|a Record is based on bibliographic data in LexisNexis U.S. Congressional Research Digital Collection (last viewed May 2010). Reuse except for individual research requires license from LexisNexis.
|
| 500 |
|
|
|a Print.
|
| 500 |
|
|
|a Electronic resource.
|
| 610 |
1 |
0 |
|a United States.
|b Congress
|x Committees.
|
| 650 |
|
0 |
|a Indians of North America.
|
| 650 |
|
0 |
|a Irrigation.
|
| 655 |
|
7 |
|a Electronic books.
|2 local
|
| 710 |
2 |
|
|a ProQuest (Firm)
|
| 776 |
0 |
8 |
|i Microfiche version:
|a United States. Congress. House. Committee on Interior and Insular Affairs.
|t Accomplishments of the Committee on Interior and Insular Affairs of the House of Representatives During the 87th Congress.
|o H0374
|
| 830 |
|
0 |
|a U.S. Congressional Research.
|
| 856 |
4 |
0 |
|u http://proxy.library.tamu.edu/login?url=https://congressional.proquest.com/congcomp/getdoc?CRDC-ID=CMP-1962-IIA-0001
|z Connect to the full text of this electronic book
|t 0
|
| 999 |
|
|
|a MARS
|
| 999 |
f |
f |
|s e41f3cfc-d54e-3a55-ba18-a6a0a92dd300
|i 7062bb95-fd92-36f6-be75-ce877c19f896
|t 0
|
| 952 |
f |
f |
|a Texas A&M University
|b College Station
|c Electronic Resources
|s www_evans
|d Available Online
|t 0
|e CMP-1962-IIA-0001
|h Other scheme
|
| 998 |
f |
f |
|a CMP-1962-IIA-0001
|t 0
|l Available Online
|